UBT Library

A Critical Analysis of the Kosova Customs Service Process and Procedure: Internal Customs Clearing; Opportunities for Increased Efficiency and Regional Success (Record no. 46471)

000 -LEADER
fixed length control field 00400nam a22001217a 4500
008 - FIXED-LENGTH DATA ELEMENTS--GENERAL INFORMATION
fixed length control field 180606b xxu||||| |||| 00| 0 eng d
041 ## - LANGUAGE CODE
Language code of text/sound track or separate title eng
080 ## - UNIVERSAL DECIMAL CLASSIFICATION NUMBER
Universal Decimal Classification number 043.3
100 ## - Rafti
Rafti 0
101 ## - Shkurtesa
Shkurtesa MBE-MA
245 ## - TITLE STATEMENT
Title A Critical Analysis of the Kosova Customs Service Process and Procedure: Internal Customs Clearing; Opportunities for Increased Efficiency and Regional Success
Statement of responsibility, etc Muja, P
942 ## - ADDED ENTRY ELEMENTS (KOHA)
Source of classification or shelving scheme
Item type Books
Holdings
Withdrawn status Lost status Source of classification or shelving scheme Damaged status Not for loan Collection code Permanent location Current location Shelving location Date acquired Total Checkouts Full call number Barcode Date last seen Price effective from Koha item type
          Koleksioni i përgjithshem UBT - Lipjan UBT - Lipjan Disertacionet 06/06/2018   043.3 Muja, P 2009 002-3009423 06/06/2018 06/06/2018 Books
UBT Library © 2015-2024. All rights reserved University Education for Business and Technology